Normal view
MARC view
Entry Personal Name
001 - CONTROL NUMBER
- control field: 1191908
003 - CONTROL NUMBER IDENTIFIER
- control field:
005 - DATE AND TIME OF LATEST TRANSACTION
- control field: 20210629051204.0
008 - FIXED-LENGTH DATA ELEMENTS
- fixed length control field: 210629|| aca||aabn | a|a d
040 ## - CATALOGING SOURCE
- Original cataloging agency:
- Transcribing agency:
100 ## - HEADING--PERSONAL NAME
- Personal name: Chakrabarti, Raghubir
670 ## - SOURCE DATA FOUND
- Source citation: Work cat.: ()1246179: Chakrabarti, Raghubir, Human rights and the United Nations /, 1958
